| Registos Bibliográficos associados ao registo de autoridade |
|
Etiqueta de registo: 01116cbm 02200301 04500 001 254838 003 http://id.bnportugal.gov.pt/bib/catbnp/254838 005 19981205154000.0 095 ## $aPTBN00265054 100 ## $a19870421d1834 k y0pora0103 ba 101 0# $apor 102 ## $aPT 106 ## $ah 200 1# $aFlorinda ou A entrada dos arabes na Hespanha$epoema$fdo Doutor Antonio Epifanio d'Andrade$bManuscrito] 210 #1 $d1834 215 ## $a[74] f.$d21 cm 304 ## $aPoema em 6 cantos 317 ## $aCompra a José Manuel Rodrigues, Leiläo Nº 17, Nº 646 518 1# $aFlorinda ou A entrada dos árabes na Espanha 700 #1 $aAndrade,$bAntónio Epifânio de,$fca 18- -$34849 702 #1 $92$aRodrigues,$bJosé Manuel$4390$31148064 801 #0 $aPT$bBN$gRPC 856 40 $uhttps://purl.pt/50041 856 41 $uhttps://purl.pt/50041/service/media/cover/low 856 49 $uhttps://purl.pt/50041/service/media/pdf$qapplication/pdf 958 ## $aBND$bLivre$cDigitalizado$d1$ehttps://purl.pt/50041/service/media/cover/max 966 ## $lBN$mRESMAN$sCOD. 12921 995 ## $aPRR2022 $d20231115$idfontes$zBND
|
|
|